000 00798cam a22002412 4500
001 0000001481
005 20151217151818.0
008 070313s xx 000 0 eng d
020 _a0199282224 :
_cKES 3750
040 _aKABU
_cKABU
050 0 _aHB523
_b.G76
245 1 0 _aGrowth, inequality and poverty :
_bprospects for pro-poor economic development /
_cedited by Anthony Shorrocks and Rolph Van Der Hoeven.
260 _aOxford :
_bOUP,
_c2005.
300 _axvi, 283 p.
650 0 _aIncome distribution.
_@0000150265
650 0 _aEqality.
_@0000150267
650 0 _aEconomic policy.
_@0000150092
700 1 _aShorrocks, Anthony.
_@0000150268
700 1 _aHoeven, Rolph Van Der.
_@0000150269
908 _a070313
950 _@1
999 _c5282
_d5282